000 00304nam a22001337a 4500
008 171031b xxu||||| |||| 00| 0 eng d
020 _a1111821224-A
041 _aeng
080 _a33
100 _a59
101 _aBUS
245 _aESSENTIALS OF BUSINESS COMMUNICATION
_cGUFFEY.M.E
942 _2udc
_cBK
999 _c36903
_d36903